000 00733nam a2200229 i 4500
001 88834
003 ES-MaACL
005 20230906175939.0
007 t|
008 041222s1991 ne ||||1| eng d
020 _a90-5183-197-8
080 _a801:316(6-15)
100 1 _aZabus, Chantal.
_9117812
245 1 4 _aThe African palimpsest
_b: indigenization of language in the west african europhone novel /
_cChantal Zabus.
260 _aAmsterdam ;
_aAtlanta :
_bRodopi,
_c1991.
300 _aVI, 224 p. ;
_c22 cm.
490 1 _aCross/cultures ;
_v4
650 4 _aSociolingüistica-
_zÁfrica occidental.
_917194
830 0 _aCross/cultures ;
_v4
_9231848
852 _aES-MaACL
_jE-10683
_bR.134862
999 _c88834
_d88834